00261 a2200121 4500000002500000020001800025100001800043245001700061250000600078260002200084264001600106999001700122 nam a22 7a 4500 a9780070681927 aGanesan,V968 aGas turbines a3 bMcGraw Hillc2010 bMcGraw Hill c35906d35906